000 00316nam a2200121Ia 4500
008 190216s9999||||xx |||||||||||||| ||und||
100 _aSreepathi Avanoshi
245 0 _aHindi - Sreemathbagavath Geetha Meim Thrividh Varnan
260 _bJ.P Publishing House
_c2006
300 _a224
650 _aHindi
942 _cBK
999 _c16489
_d16489